Case in point (Record no. 108680)
[ view plain ]
| 000 -LEADER | |
|---|---|
| fixed length control field | 01404cam a22003015a 4500 |
| 001 - CONTROL NUMBER | |
| control field | L145050 |
| 008 - FIXED-LENGTH DATA ELEMENTS--GENERAL INFORMATION | |
| fixed length control field | 080903s2008 xxk f 000 0 eng d |
| 020 ## - INTERNATIONAL STANDARD BOOK NUMBER | |
| International Standard Book Number | 9781842194201 |
| 035 ## - SYSTEM CONTROL NUMBER | |
| System control number | (Sirsi) u145050 |
| 041 0# - LANGUAGE CODE | |
| Language code of text/sound track or separate title | eng |
| 050 04 - LIBRARY OF CONGRESS CALL NUMBER | |
| Classification number | 346.4104342 $2 18 |
| 100 1# - MAIN ENTRY--PERSONAL NAME | |
| Personal name | Forrester, Peter |
| 245 00 - TITLE STATEMENT | |
| Title | Case in point |
| Remainder of title | service charges |
| 250 ## - EDITION STATEMENT | |
| Edition statement | 2nd ed. |
| 260 ## - PUBLICATION, DISTRIBUTION, ETC. | |
| Place of publication, distribution, etc. | Coventry |
| Name of publisher, distributor, etc. | RICS Books |
| Date of publication, distribution, etc. | 2008 |
| 300 ## - PHYSICAL DESCRIPTION | |
| Extent | xxvii, 169p. |
| Dimensions | 21cm. |
| 350 ## - PRICE (NR) (BK AM CF MU VM SE) [OBSOLETE] | |
| Price | 27.50 |
| 490 #0 - SERIES STATEMENT | |
| Series statement | RICS Case in Point Series |
| 505 2# - FORMATTED CONTENTS NOTE | |
| Formatted contents note | Introduction -- List of Acts and abbreviations -- Table of cases -- General principles -- Recoverable costs -- Services -- Repairs, renewals, replacements and improvements -- Sinking funds, reserve funds and depreciation -- Fees and associated costs -- Funding and interest on borrowed funds -- Apportionment of the service charge -- Certification of service charge accounts -- Index |
| 520 ## - SUMMARY, ETC. | |
| Summary, etc. | A practical, case-based book which contains summaries of service charge cases with commentary by the author. This second edition contains new material, including: mixed use buildings; reserve and sinking funds; and consequences of the new Code of Practice. |
| 520 ## - SUMMARY, ETC. | |
| Summary, etc. | Supersedes the first edition (ISBN 1842191551). |
| 521 ## - TARGET AUDIENCE NOTE | |
| Target audience note | Advanced |
| 590 ## - LOCAL NOTE (RLIN) | |
| Local note | KA |
| 651 #4 - SUBJECT ADDED ENTRY--GEOGRAPHIC NAME | |
| Geographic name | United Kingdom |
| Chronological subdivision | |
| 690 ## - LOCAL SUBJECT ADDED ENTRY--TOPICAL TERM (OCLC, RLIN) | |
| Topical term or geographic name as entry element | PROPERTY-LANDLORD AND TENANT-SERVICE CHARGES |
| 942 ## - ADDED ENTRY ELEMENTS (KOHA) | |
| Suppress in OPAC | 0 |
| Withdrawn status | Lost status | Damaged status | Not for loan | Home library | Current library | Shelving location | Date acquired | Total Checkouts | Full call number | Barcode | Date last seen | Copy number | Price effective from | Koha item type | Date last checked out | Source of classification or shelving scheme |
|---|---|---|---|---|---|---|---|---|---|---|---|---|---|---|---|---|
| Missing from bundle | London | London | RICS Boxes | 03/09/2008 | RICS 2008/40 | 30074882 | 06/08/2019 | 1 | 06/08/2019 | Archive | ||||||
| Missing from bundle | London | London | Books | 03/09/2008 | RICS 2008/40 | 30074879 | 06/08/2019 | 2 | 06/08/2019 | Reference material | ||||||
| Missing from bundle | London | London | Books | 03/09/2008 | 13 | RICS 2008/40 | 30074884 | 06/08/2019 | 4 | 06/08/2019 | Book | 18/05/2010 | ||||
| London | London | Books | 16/10/2008 | 9 | 346.4104342 FOR | 30074883 | 06/08/2019 | 1 | 06/08/2019 | Book | 24/02/2010 | Dewey Decimal Classification |